000 01074nam a2200313 i 4500
003 EG-GICUC
005 20260121101738.0
008 260118s1941 us |||fr|||| 001 0 eng d
040 _aEG-GiCUC
_beng
_cEG-GiCUC
_dEG-GiCUC
_eRda
082 0 4 _221
_a330.040
_bCA
092 0 4 _221
099 _aLaw1 13 330.040 CA 1941
245 0 4 _aThe Cambridge Economic History :
_bof Europe From the Decline of the Roman Empire.
_nVolume 1 /
_cJ.h. Clapham, Eileen Power
250 _a
264 3 _aCambridge :
_bAt the University Press,
_c1941.
300 _a650page ;
_b
_c 24 cm.
336 _2rda contenu
_a texte
337 _2rda medias
_aOrdinateur
338 _2 transporteur rda
_a Ressource en ligne
504 _aIncludes bibliographical references and index.
546 _aText in English
650 1 4 _aPublic finance and tax legislation
_2
651 1 _2
700 1 _aClapham, J.H
_eeditor.
700 1 _aPower, Eileen
_eeditor.
856 4 0 _uhttps://fll.law.cu.edu.eg/fulltext/bks/B13-09851.pdf
905 _a50
942 _2ddc
_cBK
_e21
_n0
999 _c57689
_d57689